000 00369nam a2200133Ia 4500
008 220204s9999 xx 000 0 und d
020 _a9789380235608
082 _a631.372
_bSRI
100 _aSrinivasan, K
245 0 _aTractors and agricultural machinery
260 _aNew Delhi
_bNew India Publishing Agency
_c2011
650 _aAgricultural equipments
942 _cBK
999 _c43005
_d43005